Caricamento...
Brahma yoga of the Gita /
| Autore principale: | |
|---|---|
| Natura: | Printed Book |
| Lingua: | English |
| Pubblicazione: |
New Delhi :
Munshiram Manoharlal,
1971.
|
| LEADER | 00457nam a2200133Ia 4500 | ||
|---|---|---|---|
| 008 | 150624b xxu||||| |||| 00| 0 eng d | ||
| 082 | |a 181.48322 | ||
| 100 | |a Date, V. H. | ||
| 245 | |a Brahma yoga of the Gita / |c V. H. Date | ||
| 260 | |a New Delhi : |b Munshiram Manoharlal, |c 1971. | ||
| 300 | |a 647 p. | ||
| 942 | |c BK | ||
| 999 | |c 22169 |d 22169 | ||
| 952 | |0 0 |1 0 |4 0 |6 181_483220000000000_DAT_B |7 0 |9 22168 |a UL |b UL |c ST2 |d 1998-08-28 |l 0 |o 181.48322 DAT/B |p 32934 |r 2012-10-27 |w 2012-10-27 |y BK | ||